• 首页
  • 本馆介绍
  • 公告通知
  • 最新文献
  • 馆藏检索
  • 电子资源
  • 读者导购
  • 参考咨询
  • 我的图书馆
  • 登录
  • 详细信息显示
  • 放入我的书架
  • 预约/预借图书
  • 作者相关作品
  • 分类相关作品
  • 丛书相关作品
  • 出版社相关作品

书目信息

  • 表格格式
  • 工作单格式
  • 卡片格式
题名:
亲历安理会
    
 
作者: 陈伟雄 著
分册:  
出版信息: 北京   经济日报出版社  2001.10
页数: 256页
开本: 20cm
丛书名:
单 册:
中图分类: D813.4
科图分类:
主题词: 国际关系
电子资源:
ISBN: 7-80127-921-2
000 00697nam0 2200217 450
001 0740552132
005 20080106160414.92
010    @a7-80127-921-2@dCNY14.80
100    @a20071224d2001 km y0chiy0120 ea
101 0  @achi
102    @aCN@b110000
200 1  @a亲历安理会@Aqin li an li hui@e一个现役中国外交官的自述@f陈伟雄著@Fchen wei xiong zhu
210    @a北京@c经济日报出版社@d2001.10
215    @a256页@d20cm
517 1  @a一个现役中国外交官的自述@Ayi ge xian yi zhong guo wai jiao guan de zi shu
606 0  @a国际关系
690    @aD813.4@v4
701  0 @a陈伟雄@Achen wei xiong@4著
801  0 @aCN@b大连网信软件有限公司图书馆@c20080106
905    @aBZT@dD813.4@e1
906    @dCNY14.80@n0@r1
    
    亲历安理会:一个现役中国外交官的自述/陈伟雄著.-北京:经济日报出版社,2001.10
    256页;20cm
    
    
    ISBN 7-80127-921-2:CNY14.80
    
●
相关链接 在五车中查询图书 在当当中查询图书 在豆瓣中查询图书


正题名:亲历安理会     索取号:D813.4/1         预约/预借

序号 登录号 条形码 馆藏地/架位号 状态 备注
1 609770   2000609770   中心书库南/012架A面4层3列/ [索取号:D813.4/1] 在馆    
2 609771   2000609771   中心书库南/012架A面4层3列/ [索取号:D813.4/1] 在馆    
3 609772   2000609772   中心书库南/012架A面4层3列/ [索取号:D813.4/1] 在馆    
4 609773   2000609773   中心书库南/012架A面4层3列/ [索取号:D813.4/1] 在馆    
5 609774   2000609774   中心书库南/012架A面4层3列/ [索取号:D813.4/1] 在馆    
6 609775   2000609775   中心书库南/012架A面4层3列/ [索取号:D813.4/1] 在馆    
7 609776   2000609776   中心书库南/012架A面4层3列/ [索取号:D813.4/1] 在馆    
8 609777   2000609777   中心书库南/012架A面4层3列/ [索取号:D813.4/1] 在馆    
9 609778   2000609778   中心书库南/012架A面4层3列/ [索取号:D813.4/1] 在馆    
10 609779   2000609779   中心书库南/012架A面4层3列/ [索取号:D813.4/1] 在馆    
山东省滨州职业学院图书馆 欢迎您!
大连网信软件有限公司© 版权所有